Derecho económico

Gorde:
Xehetasun bibliografikoak
Egile nagusia: Moore Merino, Daniel (autor)
Formatua: Liburua
Hizkuntza:gaztelania
Argitaratua: Santiago Jurídica de Chile 1962
Gaiak:
Etiketak: Etiketa erantsi
Etiketarik gabe, Izan zaitez lehena erregistro honi etiketa jartzen!

MARC

LEADER 00000nam a2200000 a 4500
001 UCT7754
003 CL-VaPUC
008 970317e19620000CL |||||||||||||||||spa|d
082 0 4 |a 346.07  |b MOO  |2 21 
100 |a Moore Merino, Daniel  |e autor  |9 380297 
245 1 0 |a Derecho económico 
300 |a 144 p 
942 |c BK 
945 |d 19970317 00:00:00  |a nastorga 
260 |a Santiago  |b Jurídica de Chile  |c 1962 
650 0 |a Derecho económico   |9 259197 
650 0 |a Constitución política  |9 336925 
650 7 |a TRATADOS ECONOMICOS  |2 CL-VaPUC  |9 378835 
650 7 |a NORMAS  |2 CL-VaPUC  |9 259606 
650 7 |a REGLAMENTOS  |2 CL-VaPUC  |9 259254 
583 |a last modification  |c 20131001 01:34:35  |k Rodrigo Vera 
999 |c 256302  |d 256300 
952 |0 0  |1 0  |4 0  |6 346_070000000000000_MOO_1962  |7 0  |8 A  |9 278965  |a BIBDER  |b BIBDER  |d 2019-11-19  |i 1810561  |l 1  |m 5  |o 346.07 MOO 1962  |p 1810561  |q 2025-12-31  |r 2020-03-04  |s 2020-03-04  |w 2019-11-19  |y BK  |k DER